[Event "AUT-chT2O 1011"]
[Site "Austria"]
[Date "2010.11.27"]
[Round "6"]
[White "Sekyra, Michael"]
[Black "Janetschek, Karl"]
[Result "1-0"]
[WhiteElo "2111"]
[BlackElo "2271"]
[PlyCount "59"]
[EventDate "2010.10.02"]
[EventType "team-tourn"]
[EventRounds "11"]
[EventCountry "AUT"]
[SourceTitle "EXT 2012"]
[Source "ChessBase"]
[SourceDate "2011.11.24"]
[SourceVersion "1"]
[SourceVersionDate "2011.11.24"]
[SourceQuality "1"]
[WhiteTeam "Wulkaprodersdorf"]
[BlackTeam "Zwettl"]
[WhiteTeamCountry "AUT"]
[BlackTeamCountry "AUT"]

1. e4 e5 2. f4 Bc5 3. Nc3 d6 4. Bc4 Bxg1 5. Rxg1 Qh4+ 6. Kf1 Qxf4+ 7. Qf3 Qxf3+ 8. gxf3 Kf8 9. Nd5 Bh3+ 10. Kf2 Nd7 11. Rg3 c6 12. Rxh3 cxd5 13. Bxd5 Rb8 14. b4 Ne7 15. Bb3 h5 16. Bb2 h4 17. f4 exf4 18. Rd3 Rh6 19. Rg1 Ne5 20. Kf1 Rc8 21. Ba4 f5 22. exf5 b5 23. Bxb5 Rxc2 24. Bxe5 dxe5 25. Rd8+ Kf7 26. Ke2 Nxf5 27. Bd3 f3+ 28. Kxf3 Ke7 29. Bxc2 Rf6 30. Bxf5 1-0

[Event "AUT-chT2O 1011"]
[Site "Austria"]
[Date "2010.10.03"]
[Round "2.4"]
[White "Sekyra, Michael"]
[Black "Bachofner, Andreas"]
[Result "1-0"]
[WhiteElo "2111"]
[BlackElo "2243"]
[PlyCount "91"]
[EventDate "2010.10.02"]
[EventType "team-tourn"]
[EventRounds "11"]
[EventCountry "AUT"]
[SourceTitle "CBM 138 Extra"]
[Source "ChessBase"]
[SourceDate "2010.10.29"]
[SourceVersion "1"]
[SourceVersionDate "2010.10.29"]
[SourceQuality "1"]
[WhiteTeam "Wulkaprodersdorf"]
[BlackTeam "Nickelsdorf"]
[WhiteTeamCountry "AUT"]
[BlackTeamCountry "AUT"]

1. e4 e6 2. d4 d5 3. Nd2 Nf6 4. e5 Nfd7 5. Bd3 c5 6. c3 Nc6 7. Ne2 cxd4 8. cxd4 f6 9. Nf4 Nxd4 10. Qh5+ Ke7 11. Ng6+ hxg6 12. exf6+ Nxf6 13. Qxh8 Kf7 14. Qh4 e5 15. Nf3 Nxf3+ 16. gxf3 Bf5 17. Bxf5 gxf5 18. Bg5 Qa5+ 19. Kf1 Rc8 20. Bxf6 Qa6+ 21. Kg2 Qxf6 22. Qa4 Qg5+ 23. Kf1 Kg8 24. Rg1 Rc1+ 25. Rxc1 Qxc1+ 26. Kg2 Qc6 27. Qb3 Kh7 28. Rd1 d4 29. Qf7 Qg6+ 30. Qxg6+ Kxg6 31. f4 Kf6 32. fxe5+ Kxe5 33. Kf3 g5 34. Re1+ Kd5 35. h3 Bd6 36. Re8 a5 37. Rg8 Be7 38. Rb8 Kc6 39. Ke2 g4 40. hxg4 fxg4 41. Rg8 Kd5 42. Rxg4 b6 43. Kd3 Bf6 44. Rg6 Ke5 45. Rxf6 Kxf6 46. Kxd4 1-0

[Event "Niederoesterreich Landesliga 0607"]
[Site "Austria"]
[Date "2007.04.22"]
[Round "11"]
[White "Sekyra, Michael"]
[Black "Weinzettl, Ernst"]
[Result "0-1"]
[WhiteElo "2113"]
[BlackElo "2327"]
[PlyCount "116"]
[EventDate "2006.09.17"]
[EventType "team-tourn"]
[EventRounds "11"]
[EventCountry "AUT"]
[SourceTitle "EXT 2022"]
[Source "ChessBase"]
[SourceDate "2021.10.06"]
[SourceVersion "1"]
[SourceVersionDate "2021.10.06"]
[SourceQuality "1"]

1. e4 e6 2. d4 d5 3. Nc3 Nf6 4. e5 Nfd7 5. f4 c5 6. Nf3 Nc6 7. Be3 Qb6 8. Na4 Qa5+ 9. c3 cxd4 10. b4 Qc7 11. Nxd4 Nxd4 12. Bxd4 Nb8 13. Nc5 b6 14. Bb5+ Nc6 15. Nb3 Bd7 16. Qd3 Be7 17. 0-0 0-0 18. Rf3 Nxd4 19. Nxd4 Bxb5 20. Nxb5 Qc4 21. Qxc4 dxc4 22. Rff1 Rfd8 23. Rfd1 a6 24. Nd4 Rac8 25. Kf2 Rd5 26. Ke2 Kf8 27. Nc2 Rxd1 28. Rxd1 Ke8 29. Nd4 b5 30. a3 h5 31. Ke3 Rd8 32. Rd2 g5 33. g3 gxf4+ 34. gxf4 Bh4 35. Rd1 f6 36. Rg1 Kf7 37. exf6 Bxf6 38. Rg3 Rd5 39. Ke4 h4 40. Rg4 Rd8 41. Ke3 Bxd4+ 42. cxd4 Rc8 43. Kd2 Rg8 44. Rxh4 Rg2+ 45. Kc1 Kg6 46. a4 Kf5 47. axb5 axb5 48. Rh5+ Ke4 49. Rxb5 c3 50. Rc5 Kd3 51. Kb1 Rg1+ 52. Ka2 c2 53. d5 exd5 54. Rxd5+ Ke4 55. Rc5 c1Q 56. Rxc1 Rxc1 57. Kb3 Kd4 58. h4 Rb1+ 0-1

[Event "Niederoesterreich Landesliga 0607"]
[Site "Austria"]
[Date "2006.09.17"]
[Round "1"]
[White "Sekyra, Michael"]
[Black "Wadsack, Wolfgang"]
[Result "0-1"]
[WhiteElo "2113"]
[BlackElo "2241"]
[PlyCount "88"]
[EventDate "2006.09.17"]
[EventType "team-tourn"]
[EventRounds "11"]
[EventCountry "AUT"]
[SourceTitle "EXT 2022"]
[Source "ChessBase"]
[SourceDate "2021.10.06"]
[SourceVersion "1"]
[SourceVersionDate "2021.10.06"]
[SourceQuality "1"]

1. e4 d5 2. exd5 Nf6 3. Nf3 Nxd5 4. d4 Bg4 5. h3 Bxf3 6. Qxf3 Nc6 7. c3 e6 8. Bc4 Nb6 9. Bd3 Qf6 10. Qxf6 gxf6 11. 0-0 0-0-0 12. Nd2 Bh6 13. Ne4 Bxc1 14. Raxc1 f5 15. Ng5 Rd7 16. Rfe1 h6 17. Nf3 Nd5 18. Bb5 Nde7 19. Rcd1 Rhd8 20. Rd3 a6 21. Bxc6 Nxc6 22. Ne5 Nxe5 23. Rxe5 Rd5 24. Rxd5 Rxd5 25. Rg3 Kd7 26. Rg7 Ke7 27. Rh7 c5 28. dxc5 Rxc5 29. Kf1 Rb5 30. b4 Rb6 31. Rxh6 Rc6 32. Rh8 Rxc3 33. Rb8 b5 34. g3 f4 35. Kg2 f3+ 36. Kg1 Rc1+ 37. Kh2 Rf1 38. h4 Rxf2+ 39. Kh3 f5 40. g4 f4 41. Rb7+ Kf6 42. g5+ Kf5 43. Rf7+ Ke4 44. h5 Rg2 0-1

[Event "Graz op"]
[Site "Graz"]
[Date "2005.09.08"]
[Round "6"]
[White "Sekyra, Michael"]
[Black "Wanderer, Thomas"]
[Result "1-0"]
[WhiteElo "2096"]
[BlackElo "2240"]
[PlyCount "134"]
[EventDate "2005.09.03"]
[EventType "swiss"]
[EventRounds "9"]
[EventCountry "AUT"]
[SourceTitle "EXT 2007"]
[Source "ChessBase"]
[SourceDate "2006.11.23"]
[SourceVersion "1"]
[SourceVersionDate "2006.11.23"]
[SourceQuality "1"]

1. Nc3 e6 2. d4 d5 3. e4 dxe4 4. Nxe4 Bd7 5. Nf3 Bc6 6. Bd3 Nd7 7. 0-0 Be7 8. Ng3 Ngf6 9. Bg5 0-0 10. Re1 Re8 11. Ne5 Nxe5 12. dxe5 Qd5 13. f3 Bc5+ 14. Kh1 Ng4 15. Re2 Nf2+ 16. Rxf2 Bxf2 17. Qe2 Bd4 18. f4 h6 19. Bh4 Bxb2 20. Rd1 Kh8 21. c4 Qd4 22. Ne4 Ba3 23. Bc2 Qb6 24. Nf6 Red8 25. Nd5 Rxd5 26. cxd5 Bxd5 27. Qd3 g6 28. Qxa3 Bxg2+ 29. Kxg2 Qc6+ 30. Kh3 Qxc2 31. Qd3 Qc6 32. Bf6+ Kg8 33. Kg3 Rf8 34. Rd2 Qc5 35. Qd4 Qc1 36. Kg4 h5+ 37. Kg5 Kh7 38. Qb2 Qc6 39. Rg2 b5 40. Qc2 Qf3 41. Rg3 Qf1 42. Qc5 Qb1 43. Qe3 Qxa2 44. Rh3 Qg2+ 45. Qg3 Qxg3+ 46. hxg3 a5 47. g4 Rg8 48. Rd3 Rc8 49. gxh5 gxh5 50. Ra3 a4 51. Be7 c5 52. Kf6 c4 53. Rh3 Kh6 54. Kxf7 Rc7 55. Kxe6 c3 56. Ba3 c2 57. Bc1 b4 58. f5+ Kg7 59. f6+ Kg8 60. Rg3+ Kh7 61. f7 Rc8 62. Kd7 Ra8 63. e6 a3 64. e7 Ra7+ 65. Kd6 Ra6+ 66. Kc5 Ra5+ 67. Kxb4 a2 1-0

[Event "AUT-ch U18"]
[Site "Koestendorf"]
[Date "1998.04.10"]
[Round "7.8"]
[White "Sekyra, Michael"]
[Black "Brehovsky, Paul"]
[Result "1-0"]
[WhiteElo "1788"]
[BlackElo "1547"]
[PlyCount "41"]
[EventDate "1998.04.04"]
[EventType "swiss"]
[EventRounds "7"]
[EventCountry "AUT"]
[SourceTitle "EXT 1999"]
[Source "ChessBase"]
[SourceDate "1998.11.16"]
[SourceVersion "1"]
[SourceVersionDate "1998.11.16"]
[SourceQuality "1"]

1. e4 e6 2. d4 d5 3. e5 c5 4. c3 Nc6 5. Nf3 Qb6 6. Bd3 Bd7 7. 0-0 cxd4 8. cxd4 Nxd4 9. Nxd4 Qxd4 10. Nc3 Qxe5 11. Re1 Qc7 12. Nxd5 Qa5 13. Nc3 Nf6 14. Bd2 Bb4 15. a3 Be7 16. Re3 0-0 17. Rg3 g6 18. h4 Kh8 19. Ne4 Qd8 20. Bc3 Bc6 21. Qf3 1-0